LEADER 01481nam 2200385z- 450 001 9910694011103321 005 20130601091044.0 035 $a(CKB)4920000000792355 035 $a(BIP)013737642 035 $a(EXLCZ)994920000000792355 100 $a20220104c2006uuuu -u- - 101 0 $aeng 200 10$aProtecting the homeland $ethe President's proposal for reorganizing our homeland defense infrastructure : hearing before the Committee on the Judiciary, United States Senate, One Hundred Seventh Congress, second session, June 26, 2002 215 $a1 online resource (iii, 114 p.) $cill 311 $a0-16-076757-1 517 $aProtecting the homeland 606 $aExecutive departments$zUnited States$xReorganization 606 $aAdministrative agencies$zUnited States$xReorganization 606 $aTerrorism$zUnited States$xPrevention 606 $aNational security$zUnited States 610 $aUnited States 610 $aExecutive departments 610 $aAdministrative agencies 610 $aTerrorism 610 $aNational security 610 $aPolitical science 615 0$aExecutive departments$xReorganization. 615 0$aAdministrative agencies$xReorganization. 615 0$aTerrorism$xPrevention. 615 0$aNational security 712 02$aUnited States, Congress Senate Committee on the Judiciary Staff,$4oth 906 $aBOOK 912 $a9910694011103321 996 $aProtecting the homeland$93099344 997 $aUNINA LEADER 01194nam2 22002533i 450 001 BVE0491060 005 20251003044059.0 100 $a20250625d2007 ||||0itac50 ba 101 | $aita 102 $ait 181 1$6z01$ai $bxxxe 182 1$6z01$an 183 1$6z01$anc$2RDAcarrier 200 0 $a1 210 $aPadova$cPiccin$d[2007] 215 $aXXIX, 738 p.$cill.$d27 cm. 462 1$1001BVE0491055$12001 $aˆ3: ‰Microbiologia clinica$fa cura di André Eyquem, Joseph Alouf, Luc Montagnier$gtraduzione di Marco Toni, Onorio Zancaglia, Giovanna Flamini$gpresentazione dell'edizione italiana di Giovanni A. Meloni$1702 1$aFlamini$b, Giovanna$3BVEV149843$1702 1$aMontagnier$b, Luc$3LO1V028112$1702 1$aToni$b, Marco$3PUVV184249$1702 1$aEyquem$b, André$3PUVV191847$1702 1$aAlouf$b, Joseph$3PUVV191848$1702 1$aZangaglia$b, Onorio$3SBLV154888 801 3$aIT$bIT-000000$c20250625 850 $aIT-BN0095 912 $aBVE0491060 950 2$aBiblioteca Centralizzata di Ateneo$cv. 1-3.2; 5.1-9$d 01TRA 47 TRAIDM$e 01 0000140335 VMA (0003.1 v. 3.1$fB $h20250624$i20250625 977 $a 01 996 $a1$961339 997 $aUNISANNIO